Guess the Harry Potter Movies by Scene #30 - Statistics

General Stats
  • This quiz has been taken 101 times
  • The average score is 19 of 20
Answer Stats
Picture Answer % Correct
Chamber of Secrets
100%
Goblet of Fire
100%
Goblet of Fire
100%
Half-Blood Prince
100%
Order of the Phoenix
100%
Philosopher's Stone
100%
Prisoner of Azkaban
100%
Prisoner of Azkaban
100%
Prisoner of Azkaban
100%
Deathly Hallows – Part 1
96%
Deathly Hallows – Part 1
96%
Deathly Hallows – Part 2
96%
Deathly Hallows – Part 2
96%
Deathly Hallows – Part 2
96%
Goblet of Fire
96%
Goblet of Fire
96%
Order of the Phoenix
96%
Deathly Hallows – Part 2
91%
Order of the Phoenix
91%
Prisoner of Azkaban
91%
No matching quizzes found
Score Distribution
Percent of People with Each Score
Percentile by Number Answered
Your Score History
You have not taken this quiz